Uzbekistan Country Quiz - Statistics

General Stats
  • This quiz has been taken 1,064 times
    1,039 since last reset
  • The average score is 13 of 20
Answer Stats
Question Answer % Correct
What former country did Uzbekistan use to be part of until 1991? Soviet Union
97%
What religion do 88% of the population practice? Islam
96%
Which five countries border Uzbekistan? Kazakhstan
96%
Which five countries border Uzbekistan? Turkmenistan
96%
Which five countries border Uzbekistan? Kyrgyzstan
95%
Which five countries border Uzbekistan? Tajikistan
95%
Which five countries border Uzbekistan? Afghanistan
91%
What is the capital of Uzbekistan? Tashkent
91%
What empire invaded the regions of Uzbekistan in the 12th century? Mongol Empire
72%
Uzbekistan is the only country with what geographical location along with Liechtenstein? Double Landlocked
70%
What lake used to be fourth largest one in the world, but eventually started shrinking since the 1960s until it declined to 10% of its original size? Aral Sea
66%
Which historical emperor conquered southern Uzbekistan in the 4th Century B.C.? Alexander the Great
57%
What is the second most populous city in Uzbekistan? Samarkand
53%
What staple fiber is the largest export of the country? Cotton
49%
What language has the second most native speakers in the country? Persian
48%
What major city that starts with B has the namesake of the first Uzbek state? Bukhara
35%
What Turko-Mongol conqueror was born in Shahrisabz in 1336 - and killed 5% of the world population in the 14th century? Timur
34%
What is the official currency of Uzbekistan? Som
28%
What region of Uzbekistan has high autonomy and its distinct language? Karakalpakstan
22%
What is the most popular sport in Uzbekistan other than football? Tennis
12%
No matching quizzes found
Score Distribution
Percent of People with Each Score
Percentile by Number Answered
Your Score History
You have not taken this quiz since the last reset